[Event "OLSW 2122 SK Gau-Algesheim - SVG Saarbr"]
[Site "?"]
[Date "2022.05.01"]
[Round "9.3"]
[White "Bastian, Herbert"]
[Black "Bauer, Bjoern-Benny"]
[Result "1/2-1/2"]
[WhiteElo "2248"]
[BlackElo "2202"]
[PlyCount "123"]
[EventDate "2022.??.??"]

1. e4 c5 2. Nc3 Nc6 3. g3 g6 4. Bg2 Bg7 5. d3 d6 6. Be3 e6 7. Qd2 Nge7 8. h4 h5
9. Nh3 Nd4 10. Nd1 e5 11. c3 Ne6 12. O-O d5 13. Qe2 d4 14. Bd2 O-O 15. c4 f5
16. exf5 Nxf5 17. b4 Qb6 18. Rb1 Bd7 19. b5 Rae8 20. Nb2 Qc7 21. a4 a5 22. Bd5
Kh8 23. Ng5 Nxg5 24. hxg5 b6 25. Kg2 Be6 26. Be4 Bc8 27. Rh1 Bb7 28. g4 Nd6 29.
gxh5 Bxe4+ 30. dxe4 Qb7 31. hxg6+ Kg8 32. Rbe1 Re6 33. Qh5 Rxf2+ 34. Kxf2 Nxe4+
35. Kg1 Nxd2 36. Qh7+ Kf8 37. Qh8+ Bxh8 38. Rxh8+ Kg7 39. Rh7+ Kxg6 40. Rxb7
Nf3+ 41. Kf2 Nxe1 42. Kxe1 Kxg5 43. Rc7 Rh6 44. Rf7 Rh2 45. Rf2 Rh3 46. Kd2 e4
47. Rg2+ Kf5 48. Rf2+ Ke5 49. Rg2 Rb3 50. Kc2 Rc3+ 51. Kd1 e3 52. Rg6 d3 53.
Nxd3+ Rxd3+ 54. Ke2 Ra3 55. Rxb6 Kd4 56. Rd6+ Kxc4 57. b6 Rb3 58. Re6 Kd5 59.
Rh6 c4 60. Rh5+ Kc6 61. Rxa5 Kxb6 62. Re5 1/2-1/2

[Event "OLSW 2122 SK Landau - SC GEMA St. Ingbe"]
[Site "?"]
[Date "2022.05.01"]
[Round "9.1"]
[White "Aditya, Pai"]
[Black "Lang, Torsten"]
[Result "0-1"]
[WhiteElo "1575"]
[BlackElo "2296"]
[PlyCount "88"]
[EventDate "2022.??.??"]

1. e4 g6 2. d4 Bg7 3. Nc3 d6 4. Be3 a6 5. Qd2 b5 6. f3 Nd7 7. g4 Bb7 8. h4 h5
9. gxh5 Rxh5 10. Nge2 Ngf6 11. Ng3 Rh8 12. Bd3 Rc8 13. a3 c5 14. d5 Nh5 15.
Nxh5 Rxh5 16. f4 Nf6 17. Qg2 Bh8 18. Be2 Rh7 19. h5 gxh5 20. Bxh5 Rxh5 21. Rxh5
Nxh5 22. Qg8+ Kd7 23. Qg4+ Kc7 24. Qxh5 Bxc3+ 25. bxc3 Qh8 26. Qxh8 Rxh8 27.
O-O-O Rh3 28. Rd3 Kd7 29. Bd2 Rh1+ 30. Kb2 c4 31. Rd4 Kc7 32. f5 Bc8 33. Bg5 f6
34. Bd2 Bd7 35. Ka2 Be8 36. Kb2 Bh5 37. a4 Bf3 38. axb5 axb5 39. Ka3 Kb6 40.
Be3 Ka6 41. Bf4 Re1 42. Bd2 Re2 43. Bh6 Bxe4 44. Bf8 Bxc2 0-1

[Event "OLSW 2122 SK Landau - SC GEMA St. Ingbe"]
[Site "?"]
[Date "2022.05.01"]
[Round "9.2"]
[White "Leuranguer, Yannick"]
[Black "Zengerle, Tobias"]
[Result "1/2-1/2"]
[WhiteElo "2245"]
[BlackElo "1951"]
[PlyCount "47"]
[EventDate "2022.??.??"]

1. e4 e5 2. Nf3 Nc6 3. d4 exd4 4. Nxd4 Nf6 5. Nc3 Bb4 6. Nxc6 bxc6 7. Bd3 d5 8.
exd5 cxd5 9. O-O O-O 10. Bg5 c6 11. Qf3 Rb8 12. h3 h6 13. Bf4 Bd6 14. b3 Bxf4
15. Qxf4 Be6 16. Ne2 c5 17. Ng3 Rb4 18. Qf3 Qc7 19. Rfe1 Rf4 20. Qe3 c4 21. Bf1
Ne4 22. Nxe4 Rxe4 23. Qf3 Qe5 24. Red1 1/2-1/2

[Event "OLSW 2122 SK Landau - SC GEMA St. Ingbe"]
[Site "?"]
[Date "2022.05.01"]
[Round "9.3"]
[White "Joeres, Roman"]
[Black "Seger, Jan"]
[Result "1-0"]
[WhiteElo "1863"]
[BlackElo "2185"]
[PlyCount "81"]
[EventDate "2022.??.??"]

1. d4 Nf6 2. c4 g6 3. Nf3 Bg7 4. g3 O-O 5. Bg2 d6 6. O-O Nc6 7. Nc3 e5 8. d5
Ne7 9. e4 a5 10. h3 h6 11. Be3 b6 12. Qc2 Nh5 13. Qd2 Kh7 14. g4 Nf4 15. Bxf4
exf4 16. Qxf4 g5 17. Qd2 Ng6 18. Rae1 Ba6 19. b3 Qf6 20. Ne2 b5 21. cxb5 Bxb5
22. Nfd4 Ba6 23. Rc1 Nh4 24. Rxc7 Bxe2 25. Nxe2 Qf3 26. Bh1 Qxh3 27. f3 a4 28.
b4 a3 29. b5 Be5 30. Rf2 Kg8 31. b6 Rab8 32. b7 Bg3 33. Nxg3 Qxg3+ 34. Kf1 Ng6
35. Qc3 Nf4 36. Rc8 Qh3+ 37. Kg1 Qg3+ 38. Kf1 Qh3+ 39. Bg2 Rxb7 40. Rxf8+ Kxf8
41. Bxh3 1-0

[Event "OLSW 2122 SK Landau - SC GEMA St. Ingbe"]
[Site "?"]
[Date "2022.05.01"]
[Round "9.5"]
[White "Mueller, Maximilian"]
[Black "Kopp, Bjoern"]
[Result "0-1"]
[WhiteElo "1807"]
[BlackElo "2209"]
[PlyCount "84"]
[EventDate "2022.??.??"]

1. e4 e5 2. Nf3 Nc6 3. Bb5 a6 4. Ba4 d6 5. O-O Bd7 6. c3 g5 7. d4 g4 8. Ne1 h5
9. f4 exd4 10. cxd4 Bg7 11. Be3 d5 12. e5 Nh6 13. Nc3 Ne7 14. Nd3 c6 15. Nc5
Bc8 16. Qd2 Nhf5 17. Ne2 Kf8 18. Bc2 b6 19. Na4 Bd7 20. Bf2 h4 21. g3 Rb8 22.
Qb4 Kg8 23. Rac1 Qe8 24. Qa3 Bf8 25. b4 Nc8 26. Qb3 Qe6 27. Kg2 Rh5 28. a3 Nce7
29. Qd3 Qh6 30. Rh1 Bc8 31. Bb1 Ng6 32. Qc3 Bd7 33. Qd3 b5 34. Nc5 Bxc5 35.
bxc5 hxg3 36. hxg3 Rh3 37. Qd1 Kg7 38. Nc3 Rh8 39. Qg1 Nxg3 40. Bxg3 Rxg3+ 41.
Kxg3 Qxf4+ 42. Kg2 Qf3# 0-1

[Event "OLSW 2122 SK Landau - SC GEMA St. Ingbe"]
[Site "?"]
[Date "2022.05.01"]
[Round "9.7"]
[White "Dahl, Michael"]
[Black "Bruch, Jochen"]
[Result "0-1"]
[WhiteElo "1582"]
[BlackElo "2197"]
[PlyCount "80"]
[EventDate "2022.??.??"]

1. d4 Nf6 2. c4 c5 3. d5 e6 4. Nc3 exd5 5. Nxd5 Nxd5 6. Qxd5 Nc6 7. Bg5 Be7 8.
Bxe7 Qxe7 9. Nf3 O-O 10. e3 Rd8 11. Bd3 Nb4 12. Qe4 Nxd3+ 13. Qxd3 d5 14. O-O
Be6 15. Qc2 dxc4 16. Ne5 Rd5 17. Nxc4 Rad8 18. Rac1 Bf5 19. Qc3 b6 20. b3 Rd3
21. Qe5 Qxe5 22. Nxe5 Rd2 23. Nc6 R8d7 24. Ra1 f6 25. b4 Rc7 26. Nb8 Rc8 27.
Na6 Bd3 28. Rfc1 Bxa6 29. bxc5 bxc5 30. h3 c4 31. Rc3 Rd3 32. Rac1 Rxc3 33.
Rxc3 Kf7 34. Ra3 c3 35. Rxa6 c2 36. Rxa7+ Kg6 37. g4 c1=Q+ 38. Kg2 Qd2 39. h4
Rc2 40. h5+ Kh6 0-1

[Event "OLSW 2122 Turm Illingen - SF Heidesheim"]
[Site "?"]
[Date "2022.05.01"]
[Round "9.1"]
[White "Perske, Thore"]
[Black "Mayer, Frank"]
[Result "1/2-1/2"]
[WhiteElo "2443"]
[BlackElo "2289"]
[PlyCount "79"]
[EventDate "2022.??.??"]

1. e4 e6 2. d4 d5 3. Nd2 Nf6 4. e5 Nfd7 5. c3 c5 6. f4 Nc6 7. Ndf3 Qb6 8. a3
Be7 9. h4 O-O 10. Bd3 f5 11. Ne2 cxd4 12. cxd4 Na5 13. Rb1 Nb8 14. h5 Bd7 15.
Nc3 Nb3 16. Be3 Nc6 17. Bb5 a6 18. Ba4 Nba5 19. Bc2 Nc4 20. Bc1 Qa5 21. Kf2 b5
22. Ne2 Qb6 23. Rg1 Be8 24. h6 Bh5 25. hxg7 Rf7 26. Rh1 Bxf3 27. Kxf3 Rxg7 28.
g3 Kh8 29. Qd3 Rag8 30. Rh3 Qb8 31. Ra1 Qf8 32. Kf2 Rg6 33. Qf3 Rh6 34. Rxh6
Qxh6 35. b3 Nxd4 36. Nxd4 Bc5 37. Kg2 Bxd4 38. Rb1 Na5 39. Bd2 Nc6 40. Rh1
1/2-1/2

[Event "OLSW 2122 Turm Illingen - SF Heidesheim"]
[Site "?"]
[Date "2022.05.01"]
[Round "9.2"]
[White "Klein, Joachim"]
[Black "Hinrichs, Paul"]
[Result "1/2-1/2"]
[WhiteElo "2189"]
[BlackElo "2244"]
[PlyCount "79"]
[EventDate "2022.??.??"]

1. e4 e5 2. Nf3 Nc6 3. Bc4 Bc5 4. c3 Nf6 5. d4 exd4 6. cxd4 Bb4+ 7. Nbd2 d5 8.
exd5 Nxd5 9. O-O O-O 10. Ne4 Nce7 11. Qb3 c6 12. Bg5 a5 13. a3 a4 14. Qc2 Ba5
15. Bxd5 cxd5 16. Nc5 f6 17. Bf4 b5 18. b4 axb3 19. Qxb3 Qb6 20. a4 bxa4 21.
Rxa4 Qxb3 22. Nxb3 Ba6 23. Rc1 Bb6 24. Bd6 Kf7 25. Nc5 Bc4 26. Rb4 Ba5 27. Rb7
Rfe8 28. h4 Ba6 29. Nxa6 Rxa6 30. Ra1 Rxd6 31. Rxa5 h5 32. Ne1 Kg8 33. Nd3 Nc6
34. Ra6 Rde6 35. Nf4 Re1+ 36. Kh2 Nxd4 37. Nxh5 R1e7 38. Rxe7 Rxe7 39. Nf4 Rd7
40. Ra5 1/2-1/2

[Event "OLSW 2122 Turm Illingen - SF Heidesheim"]
[Site "?"]
[Date "2022.05.01"]
[Round "9.3"]
[White "Lantzsch, Christian"]
[Black "Biehler, Thomas"]
[Result "0-1"]
[WhiteElo "2207"]
[BlackElo "2240"]
[PlyCount "124"]
[EventDate "2022.??.??"]

1. d4 Nf6 2. Nf3 e6 3. e3 d5 4. Bd3 c5 5. c3 Nc6 6. O-O Bd6 7. Nbd2 O-O 8. Qe2
e5 9. dxc5 Bxc5 10. e4 Be6 11. b4 Be7 12. a3 Rc8 13. Bb2 dxe4 14. Nxe4 Nd5 15.
Rfd1 Nf4 16. Qe3 f5 17. Bc4 Qc7 18. Bxe6+ Nxe6 19. Ned2 e4 20. Nd4 Ncxd4 21.
cxd4 Qc2 22. Qb3 Qxb3 23. Nxb3 Rc2 24. Rab1 Nf4 25. d5 Nd3 26. Bd4 b6 27. Nc1
Nxc1 28. Rbxc1 Rxc1 29. Rxc1 Rd8 30. Rc7 Bf8 31. Be3 Rxd5 32. g3 a5 33. Bxb6
axb4 34. axb4 Bxb4 35. Rc4 Rb5 36. Be3 h5 37. Rc7 Bd6 38. Rd7 Be5 39. Kg2 Bf6
40. Rc7 h4 41. Rc5 Rxc5 42. Bxc5 Kf7 43. Kh3 Ke6 44. Kg2 Kd5 45. Bf8 Kd4 46.
Bd6 Kd3 47. gxh4 Bxh4 48. Kf1 Kd4 49. Ke2 Bf6 50. h3 Be5 51. Ba3 f4 52. Bf8 f3+
53. Kf1 Kd5 54. Bb4 Bf4 55. Bc3 g5 56. Ke1 Ke6 57. Kd1 Kf5 58. Be1 Kg6 59. Kc2
Kh5 60. Kc3 Kh4 61. Kd4 Kxh3 62. Kxe4 Kg2 0-1

[Event "OLSW 2122 Turm Illingen - SF Heidesheim"]
[Site "?"]
[Date "2022.05.01"]
[Round "9.4"]
[White "Giese, Tilman"]
[Black "Enzmann, Steffen"]
[Result "1-0"]
[WhiteElo "1972"]
[BlackElo "2168"]
[PlyCount "82"]
[EventDate "2022.??.??"]

1. Nf3 Nf6 2. g3 g6 3. Bg2 Bg7 4. O-O O-O 5. d3 d6 6. e4 c6 7. Qe2 Nbd7 8. c3
Re8 9. Nbd2 e5 10. Re1 d5 11. b3 b6 12. Rd1 Qc7 13. Bb2 Nc5 14. Rac1 a5 15.
exd5 cxd5 16. c4 d4 17. Ng5 Bb7 18. Nde4 Nfxe4 19. Nxe4 f5 20. Nxc5 Bxg2 21.
Kxg2 bxc5 22. f3 a4 23. bxa4 Qc6 24. Re1 Qxa4 25. a3 Rab8 26. Qc2 Rb3 27. Rcd1
Reb8 28. Re2 Qc6 29. Bc1 Rc3 30. Qa2 Rbb3 31. Qd2 Rxd3 32. Qxd3 Rxd3 33. Rxd3
e4 34. Rb3 d3 35. Rf2 Bd4 36. Rf1 Qe8 37. Re1 Qc6 38. Bh6 Be5 39. fxe4 fxe4 40.
Rf1 Bf6 41. Rxf6 e3+ 1-0

[Event "OLSW 2122 Turm Illingen - SF Heidesheim"]
[Site "?"]
[Date "2022.05.01"]
[Round "9.5"]
[White "Foerster, Erik"]
[Black "Hauer, Andreas"]
[Result "1-0"]
[WhiteElo "2077"]
[BlackElo "1913"]
[PlyCount "53"]
[EventDate "2022.??.??"]

1. d4 d5 2. Nf3 Nf6 3. c4 e6 4. g3 Bb4+ 5. Bd2 a5 6. Bg2 O-O 7. O-O Ne4 8. Bf4
Bd6 9. Nbd2 Bxf4 10. gxf4 Nc6 11. e3 Ra7 12. Nxe4 dxe4 13. Nd2 f5 14. f3 exf3
15. Nxf3 Qf6 16. Kh1 Bd7 17. Rg1 Nd8 18. Ne5 Be8 19. d5 Nf7 20. Qd4 Ra8 21.
dxe6 Nxe5 22. Qxe5 Qxe5 23. fxe5 Bc6 24. Bxc6 bxc6 25. Rad1 Rae8 26. Rd7 Rxe6
27. Rgxg7+ 1-0

[Event "OLSW 2122 Turm Illingen - SF Heidesheim"]
[Site "?"]
[Date "2022.05.01"]
[Round "9.6"]
[White "Feidt, Jonas"]
[Black "Faldum, Manfred"]
[Result "0-1"]
[WhiteElo "1628"]
[BlackElo "2043"]
[PlyCount "54"]
[EventDate "2022.??.??"]

1. c4 Nf6 2. Nc3 g6 3. g3 Bg7 4. Bg2 e5 5. e4 O-O 6. Nge2 Nc6 7. O-O d6 8. d3
Nd7 9. Be3 Nc5 10. Qd2 a5 11. Nd5 Nd4 12. b4 Nxe2+ 13. Qxe2 axb4 14. Nxb4 c6
15. Rfb1 Ra3 16. Bc1 Ra4 17. Qd2 Qa5 18. Bf3 Qa7 19. Bd1 Ra5 20. Qc2 f5 21. Bd2
fxe4 22. dxe4 Rxf2 23. Kxf2 Nxe4+ 24. Ke2 Qf2+ 25. Kd3 Qd4+ 26. Ke2 Bg4+ 27.
Ke1 Qf2# 0-1

[Event "OLSW 2122 Turm Illingen - SF Heidesheim"]
[Site "?"]
[Date "2022.05.01"]
[Round "9.7"]
[White "Winkler, Nils"]
[Black "Hoppstaedter, Daniel"]
[Result "1/2-1/2"]
[WhiteElo "1847"]
[BlackElo "1966"]
[PlyCount "60"]
[EventDate "2022.??.??"]

1. e4 c6 2. d3 d5 3. Nd2 dxe4 4. dxe4 e5 5. Ngf3 Qc7 6. Bc4 Be7 7. c3 Nf6 8.
O-O O-O 9. Qe2 Bg4 10. Bb3 Nbd7 11. Nc4 Nc5 12. Bc2 Ne6 13. h3 Bh5 14. Re1 Nd7
15. Be3 b5 16. Ncd2 Bc5 17. Bxc5 Ndxc5 18. Qe3 f6 19. b4 Nd7 20. Bb3 Bf7 21. c4
bxc4 22. Nxc4 c5 23. Red1 Nd4 24. bxc5 Nxb3 25. axb3 Bxc4 26. bxc4 Nxc5 27. Rd5
Rfc8 28. Nd2 a5 29. Nb3 Ne6 30. Nxa5 Nd4 1/2-1/2

[Event "OLSW 2122 Turm Illingen - SF Heidesheim"]
[Site "?"]
[Date "2022.05.01"]
[Round "9.8"]
[White "Zimmer, Luca"]
[Black "Vogt, Dustin"]
[Result "0-1"]
[WhiteElo "1709"]
[BlackElo "1891"]
[PlyCount "54"]
[EventDate "2022.??.??"]

1. e4 c5 2. d4 cxd4 3. c3 dxc3 4. Nxc3 Nc6 5. Nf3 e6 6. Bc4 Be7 7. Bf4 a6 8.
Bb3 Nf6 9. e5 Nh5 10. Be3 d5 11. Nd4 g6 12. g4 Ng7 13. Bh6 O-O 14. f4 Bc5 15.
Nf3 Nd4 16. h4 Nxb3 17. Qxb3 Qb6 18. Qc2 Bb4 19. Qd3 Bd7 20. Kf1 Rac8 21. Ne2
Bb5 22. Qd1 Qe3 23. Nfg1 Rc4 24. Rh3 Rxf4+ 25. Bxf4 Qxf4+ 26. Rf3 Qxg4 27. Rc1
Nf5 0-1

[Event "OLSW 2122 SV Speyer Schwegenheim II - S"]
[Site "?"]
[Date "2022.05.01"]
[Round "9.1"]
[White "Frischmann, Rick"]
[Black "Berend, Fred"]
[Result "1-0"]
[WhiteElo "2346"]
[BlackElo "2318"]
[PlyCount "85"]
[EventDate "2022.??.??"]

1. e4 e6 2. d4 d5 3. Nd2 c5 4. exd5 Qxd5 5. Ngf3 cxd4 6. Bc4 Qd6 7. O-O Nf6 8.
Nb3 Nc6 9. Nbxd4 Nxd4 10. Nxd4 Be7 11. c3 O-O 12. Qf3 Qc7 13. Bb3 a5 14. a4 Bd7
15. Re1 Qb6 16. Bg5 h6 17. Be3 Bc5 18. Bxh6 Bc6 19. Qg3 Nh5 20. Qh3 Bxd4 21.
cxd4 gxh6 22. Re3 Qxd4 23. Qxh5 Qxb2 24. Rae1 Kh7 25. Rh3 Qg7 26. Bc2+ f5 27.
g4 Rf6 28. Rg3 Qd7 29. gxf5 exf5 30. Re5 Raf8 31. Qe2 R8f7 32. Qg4 Qd8 33. Rxf5
Rxf5 34. Bxf5+ Kh8 35. h4 Re7 36. Kh2 Rf7 37. Kh3 Qf8 38. Qd4+ Rg7 39. Kh2 Qe7
40. Rg6 Kg8 41. Be6+ Kf8 42. Qf4+ Rf7 43. Bxf7 1-0

[Event "OLSW 2122 SV Speyer Schwegenheim II - S"]
[Site "?"]
[Date "2022.05.01"]
[Round "9.2"]
[White "Berend, Elvira"]
[Black "Jeschke, Jan"]
[Result "1-0"]
[WhiteElo "2323"]
[BlackElo "2130"]
[PlyCount "89"]
[EventDate "2022.??.??"]

1. d4 Nf6 2. Nf3 g6 3. Bg5 Bg7 4. Nbd2 O-O 5. e4 d6 6. c3 c5 7. dxc5 dxc5 8.
Bc4 Nc6 9. h3 Qc7 10. O-O h6 11. Be3 Na5 12. Be2 Rd8 13. Qc1 b6 14. Re1 Be6 15.
Bf1 Kh7 16. Qc2 Nd7 17. g3 Qb7 18. Bg2 Qa6 19. b3 Rac8 20. Rad1 Nc6 21. Bf1 Qa5
22. Nb1 b5 23. Bg2 Qa6 24. Qe2 c4 25. b4 Nde5 26. Nxe5 Nxe5 27. f4 Nd3 28. Rf1
Rc7 29. h4 Bc8 30. h5 Bb7 31. Kh2 Rcd7 32. Rd2 Ba8 33. hxg6+ fxg6 34. e5 Bxg2
35. Qxg2 Qe6 36. Na3 a6 37. Nc2 Bxe5 38. fxe5 Nxe5 39. Bd4 Qg4 40. Re2 Qh5+ 41.
Kg1 Rd5 42. Qe4 Nc6 43. Rf7+ Kg8 44. Rg7+ Kf8 45. Qe6 1-0

[Event "OLSW 2122 SV Speyer Schwegenheim II - S"]
[Site "?"]
[Date "2022.05.01"]
[Round "9.3"]
[White "Chassard, Cedric"]
[Black "Kraemer, Enrico"]
[Result "1/2-1/2"]
[WhiteElo "2035"]
[BlackElo "2217"]
[PlyCount "146"]
[EventDate "2022.??.??"]

1. e4 c5 2. Nf3 Nc6 3. Bb5 Nf6 4. Bxc6 dxc6 5. d3 Bg4 6. Nbd2 Nd7 7. h3 Bh5 8.
Nf1 f6 9. Ng3 Bf7 10. Be3 e5 11. O-O Qc7 12. Qe2 g6 13. Nd2 O-O-O 14. f4 exf4
15. Bxf4 Bd6 16. Bxd6 Qxd6 17. Qf2 Rhf8 18. b3 Be6 19. Nc4 Qd4 20. Ne2 Qxf2+
21. Rxf2 Kc7 22. Raf1 b5 23. Ne3 a5 24. Nf4 Bg8 25. Ng4 Kd6 26. Nh6 Ke7 27. Ra1
a4 28. Kf1 Ra8 29. Ke2 axb3 30. Nxg8+ Rxg8 31. cxb3 Ra3 32. Kd2 Rga8 33. Kc3
Nb6 34. Kb2 c4 35. Rff1 cxd3 36. Rfd1 c5 37. Nxd3 c4 38. Nc5 R3a7 39. a3 cxb3
40. Kxb3 Rc7 41. Nd3 Nc4 42. Nb4 Ke6 43. Rd5 Nd6 44. Rad1 Nxe4 45. Rxb5 Rc3+
46. Kb2 Rcxa3 47. Rdd5 R3a7 48. Rb6+ Kf7 49. Kc2 Re8 50. Rdb5 Rc7+ 51. Rc6 Rd7
52. Rd5 Red8 53. Kd3 Rxd5+ 54. Nxd5 Rxd5+ 55. Kxe4 Re5+ 56. Kf3 g5 57. Ra6 Rb5
58. Ra7+ Kg6 59. Ra8 Rb3+ 60. Kf2 Rb4 61. Rg8+ Kf7 62. Ra8 h5 63. Ra7+ Kg6 64.
Ra8 g4 65. hxg4 hxg4 66. Kg3 Kg5 67. Rg8+ Kf5 68. Ra8 Rb3+ 69. Kh4 g3 70. Ra5+
Kf4 71. Ra4+ Kf5 72. Ra5+ Kg6 73. Ra8 Kf5 1/2-1/2

[Event "OLSW 2122 SV Speyer Schwegenheim II - S"]
[Site "?"]
[Date "2022.05.01"]
[Round "9.4"]
[White "Flierl, Pascal"]
[Black "Uhrig, Christian"]
[Result "1-0"]
[WhiteElo "2179"]
[BlackElo "2055"]
[PlyCount "58"]
[EventDate "2022.??.??"]

1. e4 c5 2. Nc3 e6 3. f4 g6 4. Nf3 Bg7 5. d4 cxd4 6. Nb5 Qb6 7. e5 Bf8 8. Nbxd4
a6 9. Nb3 Nc6 10. Bd3 Nge7 11. Qe2 Nd5 12. Be4 Bb4+ 13. c3 Nxc3 14. bxc3 Bxc3+
15. Bd2 Bxa1 16. Nxa1 O-O 17. Nb3 Rd8 18. Bxc6 Qxc6 19. O-O b5 20. Rc1 Qb6+ 21.
Be3 Qb8 22. Bc5 Bb7 23. Ng5 d6 24. exd6 Rxd6 25. Bxd6 Qxd6 26. Qe5 Qb6+ 27. Qc5
Qd8 28. Qc7 Qxc7 29. Rxc7 Bd5 1-0

[Event "OLSW 2122 SV Speyer Schwegenheim II - S"]
[Site "?"]
[Date "2022.05.01"]
[Round "9.5"]
[White "Englisch, Colya"]
[Black "Theel, Thomas"]
[Result "1-0"]
[WhiteElo "2157"]
[BlackElo "2160"]
[PlyCount "89"]
[EventDate "2022.??.??"]

1. d4 Nf6 2. Nf3 d6 3. g3 Nbd7 4. Bg2 e5 5. O-O c6 6. c4 Be7 7. Nc3 O-O 8. e4
a5 9. Qc2 Re8 10. h3 Bf8 11. Be3 exd4 12. Bxd4 Nc5 13. Rfe1 Be6 14. Rad1 Nfd7
15. b3 h6 16. Nd2 Qc7 17. f4 f6 18. Nf3 Bf7 19. Bf2 a4 20. b4 Na6 21. a3 Bxc4
22. Nxa4 Bf7 23. Nc3 Nab8 24. Nb5 Qd8 25. Nxd6 Bxd6 26. Rxd6 Rxa3 27. Qd2 Qc7
28. Qd4 Nf8 29. Rd1 Na6 30. e5 f5 31. g4 fxg4 32. hxg4 Rb3 33. Be1 Ne6 34. Qe4
Nxb4 35. f5 Nc5 36. Qd4 Ncd3 37. Rd7 c5 38. Rxc7 cxd4 39. e6 Bxe6 40. fxe6 Rxe6
41. Nxd4 Nxe1 42. Nxe6 Nbd3 43. Rxg7+ Kh8 44. Ra1 Nxg2 45. Ra8# 1-0

[Event "OLSW 2122 SV Speyer Schwegenheim II - S"]
[Site "?"]
[Date "2022.05.01"]
[Round "9.6"]
[White "Hauck, Heiko"]
[Black "Gress, Alexander"]
[Result "0-1"]
[WhiteElo "2092"]
[BlackElo "2104"]
[PlyCount "64"]
[EventDate "2022.??.??"]

1. e4 c5 2. Nf3 d6 3. d4 cxd4 4. Nxd4 Nf6 5. Nc3 a6 6. Bg5 e6 7. f4 h6 8. Bh4
Qb6 9. Qd2 Qxb2 10. Rb1 Qa3 11. Be2 Be7 12. O-O Qa5 13. Qd3 Nbd7 14. Kh1 g5 15.
Nb3 Qc7 16. fxg5 hxg5 17. Bxg5 Ng4 18. Bxg4 Bxg5 19. Nd4 Ne5 20. Ndb5 axb5 21.
Nxb5 Qc5 22. Nxd6+ Ke7 23. Nxc8+ Qxc8 24. Qg3 Nxg4 25. Qxg4 Ra5 26. Qf3 Rh7 27.
e5 Rd5 28. Qe4 Rh4 29. g4 Qc6 30. Qb4+ Rc5+ 31. Kg1 Be3+ 32. Rf2 Bxf2+ 0-1

[Event "OLSW 2122 SV Speyer Schwegenheim II - S"]
[Site "?"]
[Date "2022.05.01"]
[Round "9.7"]
[White "Forthoffer, Patrick"]
[Black "Gellendin, Ingo"]
[Result "1-0"]
[WhiteElo "2126"]
[BlackElo "2104"]
[PlyCount "111"]
[EventDate "2022.??.??"]

1. d4 d5 2. Nf3 e6 3. c4 a6 4. cxd5 exd5 5. Nc3 c6 6. Qc2 Bd6 7. Bg5 Be7 8. Bf4
Nf6 9. e3 h6 10. Bd3 Be6 11. h3 Nbd7 12. Rb1 O-O 13. O-O Ne8 14. b4 Bd6 15. Ne2
Qe7 16. Bxd6 Nxd6 17. Nf4 Rfc8 18. Rfe1 Qf6 19. Nxe6 Qxe6 20. Nd2 Qf6 21. Nb3
Nb5 22. Qb2 Rc7 23. a4 Nd6 24. Rec1 Nb6 25. Ra1 Nbc4 26. Qc2 Re7 27. Nd2 Nb6
28. a5 Nd7 29. Nb3 Nb5 30. Bxb5 axb5 31. a6 Nb8 32. axb7 Rxa1 33. Rxa1 Rxb7 34.
Ra8 Qd6 35. Qc5 Qc7 36. Na5 Rb6 37. g3 Kh7 38. h4 h5 39. Qf8 Na6 40. Rc8 Qd7
41. Rd8 Qc7 42. Qh8+ Kg6 43. Rg8 f6 44. Rc8 Qd7 45. Nb3 Rb7 46. Ra8 Rb6 47. Qf8
Qb7 48. Rd8 Qc7 49. Nc5 Nxc5 50. dxc5 Ra6 51. Rd6 Kh7 52. Qe8 Kh6 53. Rd7 Qe5
54. Qh8+ Kg6 55. Rxg7+ Kf5 56. Qc8+ 1-0

[Event "OLSW 2122 SK Altenkirchen - SK Frankent"]
[Site "?"]
[Date "2022.05.01"]
[Round "9.1"]
[White "Fulea, Dan"]
[Black "Bruehl, Andreas"]
[Result "0-1"]
[WhiteElo "2215"]
[BlackElo "2318"]
[PlyCount "74"]
[EventDate "2022.??.??"]

1. e4 d6 2. d4 Nf6 3. Nc3 e5 4. dxe5 dxe5 5. Qxd8+ Kxd8 6. Bg5 Be6 7. O-O-O+
Nbd7 8. Nf3 Bd6 9. h3 h6 10. Bh4 g5 11. Bg3 Ke7 12. Nd5+ Nxd5 13. exd5 Bf5 14.
Bb5 f6 15. Rhe1 Kf7 16. Bd3 Bxd3 17. Rxd3 Rhe8 18. Nd2 f5 19. f3 Re7 20. Nc4
Rae8 21. Nxd6+ cxd6 22. Bf2 a6 23. Rb3 Nf6 24. Rb6 Rd7 25. c4 Rc8 26. b3 Nxd5
27. Kb2 Nxb6 28. Bxb6 Ke6 29. g4 Rf7 30. Be3 fxg4 31. fxg4 Rf3 32. h4 gxh4 33.
Bxh6 Rg8 34. g5 h3 35. Rh1 Rf2+ 36. Kc3 h2 37. a4 Kf5 0-1

[Event "OLSW 2122 SK Altenkirchen - SK Frankent"]
[Site "?"]
[Date "2022.05.01"]
[Round "9.2"]
[White "Wagener, Claude"]
[Black "Huseynov, Ahad"]
[Result "0-1"]
[WhiteElo "2202"]
[BlackElo "2092"]
[PlyCount "98"]
[EventDate "2022.??.??"]

1. e4 e5 2. Nf3 Nc6 3. Bc4 Bc5 4. c3 Nf6 5. d3 O-O 6. O-O Bb6 7. Bb3 h6 8. Nbd2
d6 9. Re1 Ne7 10. Nf1 Ng6 11. Ng3 Bg4 12. h3 Be6 13. Bc2 c6 14. d4 Qd7 15. Be3
Rad8 16. Qd2 Kh7 17. a4 a5 18. Kh2 Qc8 19. Rad1 Bc7 20. Qd3 Kg8 21. Kg1 d5 22.
exd5 Bxd5 23. Qe2 exd4 24. Nxd4 Nh4 25. Ngf5 Nxf5 26. Bxf5 Qb8 27. c4 Bh2+ 28.
Kh1 Be4 29. Bxe4 Nxe4 30. Nf5 Rxd1 31. Rxd1 Qe5 32. Qg4 Bf4 33. Kg1 Bxe3 34.
Nxe3 Nc5 35. Nf5 Kh7 36. Nxg7 f5 37. Nxf5 Qxf5 38. Qd4 Ne6 39. Qb6 Rf7 40. Qe3
Ng5 41. f3 Rg7 42. Kh2 Ne6 43. Rd6 Qf4+ 44. Qxf4 Nxf4 45. g3 Ne2 46. g4 Re7 47.
h4 Nf4 48. Kg3 Ne6 49. f4 Nc5 0-1

[Event "OLSW 2122 SK Altenkirchen - SK Frankent"]
[Site "?"]
[Date "2022.05.01"]
[Round "9.3"]
[White "Prestel, Oliver"]
[Black "Heidorn, Oliver"]
[Result "1/2-1/2"]
[WhiteElo "2069"]
[BlackElo "2115"]
[PlyCount "73"]
[EventDate "2022.??.??"]

1. d4 Nf6 2. c4 e6 3. Nf3 Bb4+ 4. Nbd2 c5 5. a3 Bxd2+ 6. Qxd2 cxd4 7. Nxd4 O-O
8. g3 d5 9. cxd5 Qxd5 10. Nf3 Bd7 11. Qxd5 Nxd5 12. Bg2 Nc6 13. O-O Na5 14. Nd4
Ba4 15. Bd2 Nb3 16. Nxb3 Bxb3 17. Rac1 Rfd8 18. h3 h6 19. e4 Nf6 20. Be3 Ba4
21. g4 Bc6 22. g5 hxg5 23. Bxg5 Rd4 24. f3 e5 25. Rfd1 Rad8 26. Rxd4 Rxd4 27.
Be3 Rd3 28. Kf2 Nh5 29. Bf1 Rd6 30. Rc2 Rf6 31. Bg5 Rg6 32. h4 Nf4 33. Rd2 Ne6
34. Be3 Rf6 35. Kg2 Nf4+ 36. Kg3 Rg6+ 37. Kf2 1/2-1/2

[Event "OLSW 2122 SK Altenkirchen - SK Frankent"]
[Site "?"]
[Date "2022.05.01"]
[Round "9.4"]
[White "Nussbaum, Stefan"]
[Black "Tresch, Lukas"]
[Result "1-0"]
[WhiteElo "2146"]
[BlackElo "2073"]
[PlyCount "93"]
[EventDate "2022.??.??"]

1. c4 Nf6 2. Nc3 c5 3. d3 g6 4. e4 d6 5. g3 Bg7 6. Bg2 O-O 7. Nge2 Nc6 8. O-O
Rb8 9. h3 a6 10. f4 Nd7 11. Be3 Nd4 12. Qd2 b5 13. cxb5 axb5 14. g4 e6 15. Ng3
b4 16. Nd1 Qa5 17. Nf2 Nb6 18. f5 c4 19. f6 Bxf6 20. g5 Be5 21. Ng4 cxd3 22.
Nh6+ Kg7 23. Qf2 Ba6 24. Bxd4 Nd7 25. Ng4 Rbc8 26. Bxe5+ dxe5 27. Nh1 Qc5 28.
Rad1 Qxf2+ 29. Rxf2 Rc7 30. Rfd2 Rfc8 31. Kf2 Rc1 32. Ke3 Rxd1 33. Rxd1 Rc2 34.
Rd2 Rc1 35. Nhf2 Re1+ 36. Kf3 Re2 37. Rd1 Rxb2 38. Nxd3 Rxa2 39. Bf1 Ra3 40.
Kf2 Bxd3 41. Bxd3 Nc5 42. Ke2 Ra2+ 43. Ke3 b3 44. Bb1 Ra3 45. Rd8 b2+ 46. Kd2
f5 47. Nh6 1-0

[Event "OLSW 2122 SK Altenkirchen - SK Frankent"]
[Site "?"]
[Date "2022.05.01"]
[Round "9.5"]
[White "Kuehn, Bernd"]
[Black "Hoegener, Claude"]
[Result "1/2-1/2"]
[WhiteElo "2044"]
[BlackElo "2086"]
[PlyCount "90"]
[EventDate "2022.??.??"]

1. d4 e6 2. c4 d5 3. Nc3 Nf6 4. Bg5 Be7 5. e3 O-O 6. Nf3 b6 7. cxd5 Nxd5 8.
Bxe7 Nxe7 9. Bd3 h6 10. g4 Bb7 11. Rg1 f6 12. Qe2 Nd5 13. Nd2 Nxc3 14. bxc3 Qe7
15. a4 c5 16. h4 Nd7 17. g5 fxg5 18. hxg5 hxg5 19. Qh5 Nf6 20. Qxg5 cxd4 21.
cxd4 Rac8 22. Rg3 Rc3 23. Qg6 Rfc8 24. Ke2 Rc1 25. Rxc1 Rxc1 26. Nf3 Bxf3+ 27.
Kxf3 Qf7 28. Qxf7+ Kxf7 29. Bg6+ Ke7 30. Bd3 Kf7 31. Bg6+ Kf8 32. Rh3 Rc4 33.
Rh8+ Ke7 34. a5 bxa5 35. Rb8 Rb4 36. Rc8 Nd7 37. Rc7 a6 38. Ra7 Kf6 39. Bd3 Nb8
40. Bxa6 Nc6 41. Ra8 Ke7 42. Bd3 Rb3 43. Ke2 Rb2+ 44. Kf3 Rb3 45. Ke2 Rb2+
1/2-1/2